| 000 | 00566 a2200205 4500 | ||
|---|---|---|---|
| 999 |
_c4900 _d4900 |
||
| 003 | NUST | ||
| 005 | 20180720064555.0 | ||
| 008 | 180720b ||||| |||| 00| 0 eng d | ||
| 020 |
_a 0007120869 _cRs. 261 |
||
| 038 | _aArshad | ||
| 040 |
_aDLC _bDLC |
||
| 082 | _a823.912 | ||
| 100 |
_aAgatha Christie _911894 |
||
| 245 |
_aThe thirteen problems _cChristie, Agatha |
||
| 260 |
_aNew York: _bCollins Publishers, _c1932. |
||
| 300 |
_a315 p. ;. _b 20 cm |
||
| 500 | _a Includes Index | ||
| 650 |
_aDetective and mystery stories. _98228 |
||
| 942 |
_cBK _k823.912 CHR _2ddc |
||